01386 a2200217 45000010006000000050017000060080041000230030015000640400040000790800022001192450099001410200022002402640033002623000026002955050666003210410008009871000027009957000028010227000020010508560098010706038720260407155854.0260407a2010 arg spa dAR-UNSa-BCEJYS aAR-UNSa-BCEJYSbspacAR-UNSa-BCEJYS a657xContabilidad10aTemas de contabilidad superiorpAnálisis doctrinario. Normas locales. Normas Internacionales a978-987-03-1765-4 1aBuenos Aires :bLa Leyc2010 axxiii, 171 p.c24 cm. a1. Hacia la internacionalización de las Normas Contables Profesionales - 2. Normas contables profesionales en Argentina/ Nuevo escenario – 3. Marco conceptual – 4. Estados Contables en Moneda Homogénea – 5. Inventario (Bienes de Cambio) – 6. Propiedades, planta y equipo (Bienes de Uso) – 7. Deterioro del valor de los Activos – 8. Arrendamientos – 9. Impuesto a las Ganancias – 10. Provisiones, Activos Contingentes y Pasivos Contingentes – 11. Hechos ocurridos después de la fecha del balance – 12. Caso práctico de segmentos operativos – 13. Ganancia por acción – 14. Información a presentar sobre partes relacionadas -  aspa1 aSlosse, Carlos Alberto1 aGamondés, Santiago F.1 aNigro, Jorge O.41uhttp://www.biblioeco.unsa.edu.ar/pmb/images/libros/L129370.jpgyImagen de portadaqimage/jpeg